Country Flags With Three Vertical Stripes - Statistics

General Stats
  • This quiz has been taken 29 times
  • The average score is 14 of 22
Answer Stats
Continent Answer Anything else on the flag? % Correct
Europe Belgium
89%
North America Canada Leaf
89%
Europe France
89%
Europe Italy
81%
North America Mexico National emblem
78%
North America Barbados Trident
74%
Africa Nigeria
74%
South America Peru
74%
Europe Ireland
67%
Europe Romania
67%
Africa Senegal Star
67%
Europe Andorra Coat of arms
63%
Africa Chad
63%
Africa Guinea
63%
Africa Cameroon Star
59%
North America Guatemala Coat of arms
56%
Africa Ivory Coast
52%
Africa Mali
52%
Asia Afghanistan National emblem
48%
Asia Mongolia Ideogram + Buddhist symbol
44%
North America St. Vincent and the Grenadines Three diamonds (shape, not gem)
44%
Europe Moldova National emblem
41%
No matching quizzes found
Score Distribution
Percent of People with Each Score
Percentile by Number Answered
Your Score History
You have not taken this quiz